000 00965nam a22002777a 4500
005 20220906112530.0
008 220906b2022 ii ||||| |||| 00| 0cmar d
020 _a9789388009478
_c240
040 _aNLI
_bmar
_cMarathi Division
041 0 _amar
044 _aii
082 0 4 _223rd ed.
_aMar 351.076
_bL 159 bhrv
100 1 _6880-01
_aलहाडे, नंदा संजय
_9678888
245 1 0 _6880-02
_aभारतीय राजकीय विचारवंत
_c/नंदा संजय लहाडे
260 _aPune:
_bChetak books,
_c2022.
300 _a160p.;
_c21.5cm.
650 0 _aCivil service
_xExaminations
_9868014
650 0 _aPolitics
_9738649
650 0 _aBiography
700 1 _6880-03
852 _aBB
_cMarathi
880 1 _6100-01
_aLahāḍe, Naṅdā Saṅjaya
880 1 _6245-02
_aBhāratīya rājakīya vicāravaṅta
_c/Naṅdā Saṅjaya Lahāḍe
887 _aTrupti Satish Lote
942 _2ddc
_cBKS
999 _c1551910
_d1551910